000 00338nam a2200133Ia 4500
005 20251222140103.0
008 251222s1900||||xx |||||||||||||| ||spa||
020 _a8474907411
082 _a142.7/H41
100 _aHéring, Jean
245 0 _aObservaciones sobre la Esencia, la Esencialidad y la Idea
264 _bEncuentro
942 _cLIB
999 _c4026
_d4026